000 00457nam a2200169Ia 4500
003 LK-CoDNM
005 20240119135914.0
008 010623t1927 xxu||||| |||| 00| 1 sin d
040 _aLK-CoDNM
_dLK-CoDNM
_eLK-CoDNM
041 _asin
080 _a104
_bK 2
245 _aශුද්ධවන්තයන්ගේ නිවාසය
246 _aShuddhavantayange Nivaasaya
260 _bJ.S.Jemes
_aColombo
_c1927
300 _b4p, 21 cm
942 _cBK
999 _c94193
_d94193